| 000 | 02328nam a2200349 i 4500 | ||
|---|---|---|---|
| 003 | EG-GICUC | ||
| 005 | 20260310134600.0 | ||
| 008 | 260123s2015 ua |||fr|||| 00| 0 ara d | ||
| 017 | _a2535/2015 | ||
| 020 | _a9789777610605 | ||
| 040 |
_a EG-GICUC _bara _c EG-GICUC _d EG-GICUC _erda |
||
| 041 | 0 | _aAra | |
| 082 | 0 | 4 |
_221 _a343.93 _bن ب . أ |
| 092 | 0 | 4 | _221 |
| 099 | _aLaw1 10 343.93 ن ب . أ 2015 | ||
| 100 | 0 |
_aنبيل العبيدى _eمؤلف. |
|
| 245 | 1 | 0 |
_aأسس السياسة العقابية فى السجون ومدى التزام الدولة بالمواثيق الدولية : _bدراسة معمقة فى القانون الجنائى الدولى / _cتأليف الدكتور نبيل العبيدى. |
| 250 | _aالطبعة الأولى | ||
| 264 | 1 |
_aالقاهرة : _bالمركز القومى للإصدارات القانونية، _c2015. |
|
| 300 |
_a520 صفحة؛ _c24 سم. |
||
| 336 |
_2rda content _atext |
||
| 337 |
_2rda media _aComputer |
||
| 338 |
_2rda carrier _aOnline Resource |
||
| 500 | _aأسس السياسة العقابية-المعاملة العقابية وفقا للمواثيق الدولية لحقوق الإنسان-القواعد النموذجية الدنيا لمعاملة السجناء-أنظمة السجون ومعاملة السجناء-الحد من الأثار السيئة لسلب الحرية-العقوبات البديلة-أنواع العقوبات البديلة-أساليب تطبيق نظام الاختيار القضائي-شروط الإفراج الشؤطي-الرقابة الإلكترونية-شروط تطبيق المراقبة الإلكترونية-دور الخطر في السياسة العقابية-الخطوة الإجرامية ودورها في السياسة العقابية-مفهوم العقوبة وتطورها وأنواعها-قاضي تطبيق العقوبات-الإشراف القضائي على التنفيذ العقابي-سلطات قاضي تطبيق العقوبات-الملاحق. | ||
| 546 | _aالنص باللغة العربية | ||
| 650 | 1 |
_aعلم السياسة الجنائية _2qrmak |
|
| 650 | 1 |
_aالقانون الجنائى _2qrmak |
|
| 651 | 1 | _2qrmak | |
| 856 | 4 | 0 | _uhttps://fll.law.cu.edu.eg/fulltext/bks/B10-07956.pdf |
| 905 |
_a54 _eYara |
||
| 942 |
_2ddc _cBK _e21 _n0 |
||
| 999 |
_c58776 _d58776 |
||